[Event "DOM-ch"]
[Site "Santo Domingo"]
[Date "2019.05.04"]
[Round "7"]
[White "Barjan Pinedo, Jose Antonio"]
[Black "Fabian Brioso, Carlos Julio"]
[Result "1-0"]
[WhiteElo "2081"]
[BlackElo "1928"]
[PlyCount "107"]
[EventDate "2019.04.26"]
[EventType "swiss"]
[EventRounds "11"]
[EventCountry "DOM"]
[SourceTitle "CBM 190 Extra"]
[Source "ChessBase"]
[SourceDate "2019.07.15"]
[SourceVersion "1"]
[SourceVersionDate "2019.07.15"]
[SourceQuality "1"]

1. e4 e6 2. d4 d5 3. e5 c5 4. c3 Nc6 5. Nf3 Qb6 6. Bd3 Bd7 7. dxc5 Bxc5 8. 0-0 Nh6 9. b4 Be7 10. a4 Rc8 11. Bxh6 gxh6 12. Qd2 d4 13. a5 Qc7 14. Nxd4 Qxe5 15. Nf3 Qf6 16. Na3 Rg8 17. Bxh7 Rg7 18. Be4 Rg4 19. Rfd1 Rd8 20. Qe3 Qg7 21. Ne1 Bg5 22. Qe2 Bf4 23. Bf3 Rg5 24. Qc4 Bb8 25. Nd3 Qf6 26. Kh1 Ne5 27. Nxe5 Qxe5 28. g3 Rf5 29. Re1 Qf6 30. Bxb7 Rxf2 31. Rf1 Rc8 32. Rxf2 Qxf2 33. Qd4 Qxd4 34. cxd4 Rc3 35. Ba6 Bc6+ 36. Kg1 Ke7 37. b5 Bd5 38. b6 axb6 39. axb6 Rb3 40. Nb5 Bc6 41. Na7 Rxb6 42. Nc8+ Kd8 43. Nxb6 Ba7 44. Rc1 Bxb6 45. Rxc6 Bxd4+ 46. Kg2 Ke7 47. Kf3 h5 48. Rc4 Bf6 49. Rc7+ Kf8 50. Ke4 Kg7 51. h4 Bb2 52. Bb5 Kf8 53. Be2 f5+ 54. Kf3 1-0

[Event "DOM-ch"]
[Site "Santo Domingo"]
[Date "2018.05.05"]
[Round "10"]
[White "Fabian Brioso, Carlos Julio"]
[Black "Zorrilla Jimenez, Wilber Edwin"]
[Result "0-1"]
[WhiteElo "1917"]
[BlackElo "2082"]
[PlyCount "120"]
[EventDate "2018.04.20"]
[EventType "swiss"]
[EventRounds "11"]
[EventCountry "DOM"]
[SourceTitle "CBM 184 Extra"]
[Source "ChessBase"]
[SourceDate "2018.06.28"]
[SourceVersion "1"]
[SourceVersionDate "2018.06.28"]
[SourceQuality "1"]

1. d4 Nf6 2. Bf4 g6 3. Nf3 Bg7 4. e3 d6 5. Be2 0-0 6. Nbd2 Nc6 7. c3 Re8 8. 0-0 e5 9. Bg3 Nh5 10. Bh4 Qd7 11. Ng5 Nf6 12. Bc4 d5 13. dxe5 Nxe5 14. Be2 Qc6 15. Qb3 a6 16. Ngf3 Ne4 17. Rad1 Nc5 18. Qa3 Bf8 19. b4 Nxf3+ 20. Bxf3 Ne4 21. Nxe4 dxe4 22. Be2 Be6 23. Rc1 h6 24. c4 a5 25. c5 axb4 26. Qxb4 Ra4 27. Qb5 Rxa2 28. Bg3 Qxb5 29. Bxb5 c6 30. Bc4 Ra5 31. Bxe6 Rxe6 32. Rb1 Rxc5 33. Rxb7 Rc2 34. h3 Bd6 35. Rd7 Be5 36. Bh4 g5 37. Bg3 Kg7 38. h4 Bxg3 39. fxg3 Rf6 40. Rxf6 Kxf6 41. hxg5+ hxg5 42. Rd4 Ke5 43. Rd7 f6 44. g4 Re2 45. Re7+ Kd5 46. Rf7 Ke6 47. Rc7 Rxe3 48. Rxc6+ Ke5 49. Kf2 Rd3 50. Rc5+ Rd5 51. Rc6 Rd6 52. Rc4 Rd2+ 53. Ke3 Rd3+ 54. Kf2 Kf4 55. Rc6 Rd2+ 56. Kf1 Ke5 57. Rc5+ Rd5 58. Rc6 Rd6 59. Rc4 Kf4 60. Ke2 Re6 0-1

[Event "Santo Domingo op11"]
[Site "Santo Domingo"]
[Date "2017.11.26"]
[Round "8"]
[White "Fabian Brioso, Carlos Julio"]
[Black "Lorenzo De Los Santos, Luis L"]
[Result "0-1"]
[WhiteElo "1907"]
[BlackElo "2109"]
[PlyCount "68"]
[EventDate "2017.11.17"]
[EventType "swiss"]
[EventRounds "8"]
[EventCountry "DOM"]
[SourceTitle "CBM 181 Extra"]
[Source "ChessBase"]
[SourceDate "2017.12.12"]
[SourceVersion "1"]
[SourceVersionDate "2017.12.12"]
[SourceQuality "1"]

1. e4 c5 2. c3 d5 3. e5 g6 4. Nf3 Bg7 5. d4 Nc6 6. a3 Bg4 7. Be3 Nh6 8. b4 cxd4 9. cxd4 Nf5 10. b5 Bxf3 11. gxf3 Nxe5 12. dxe5 Bxe5 13. Ra2 0-0 14. Bd3 Nh4 15. Nd2 Qd7 16. h3 Ng2+ 17. Kf1 Nf4 18. Bxf4 Bxf4 19. h4 h5 20. Kg2 e5 21. Nf1 Qe6 22. Ng3 f5 23. Rc2 Kh8 24. Rc5 Rac8 25. Qc2 e4 26. fxe4 fxe4 27. Be2 e3 28. Qc3+ Kh7 29. f3 Bxg3 30. Rc1 Rxc5 31. Qxc5 Bd6 32. Qd4 Rf4 33. Qxa7 Rxh4 34. Qxb7+ Kh6 0-1

[Event "Santo Domingo op11"]
[Site "Santo Domingo"]
[Date "2017.11.18"]
[Round "2"]
[White "Barjan Pinedo, Jose Antonio"]
[Black "Fabian Brioso, Carlos Julio"]
[Result "1-0"]
[WhiteElo "2097"]
[BlackElo "1907"]
[PlyCount "85"]
[EventDate "2017.11.17"]
[EventType "swiss"]
[EventRounds "8"]
[EventCountry "DOM"]
[SourceTitle "CBM 181 Extra"]
[Source "ChessBase"]
[SourceDate "2017.12.12"]
[SourceVersion "1"]
[SourceVersionDate "2017.12.12"]
[SourceQuality "1"]

1. e4 e5 2. Nf3 Nc6 3. Bc4 Nf6 4. Ng5 d5 5. exd5 Nxd5 6. Nxf7 Kxf7 7. Qf3+ Qf6 8. Bxd5+ Ke8 9. Bxc6+ bxc6 10. Qxf6 gxf6 11. Nc3 Be6 12. d3 Rg8 13. g3 Bh3 14. Be3 Bg2 15. Rg1 Bf3 16. Ne4 Kf7 17. Nd2 Bd5 18. Nb3 a5 19. Kd2 a4 20. Nc5 f5 21. f4 e4 22. Nd7 Bd6 23. d4 Ke7 24. Ne5 Bxe5 25. fxe5 h5 26. b3 axb3 27. axb3 Kd7 28. c4 Be6 29. Kc3 Rgb8 30. Rgd1 Rxa1 31. Rxa1 Kc8 32. Rd1 Ra8 33. d5 cxd5 34. cxd5 Bf7 35. e6 Be8 36. Rc1 Ra2 37. Kd4 Kb7 38. Bf4 Rxh2 39. Rxc7+ Kb6 40. Rc8 Bb5 41. Rb8+ Ka6 42. Rxb5 Kxb5 43. e7 1-0

[Event "Santo Domingo op11"]
[Site "Santo Domingo"]
[Date "2017.11.18"]
[Round "3"]
[White "Fabian Brioso, Carlos Julio"]
[Black "Urena de Leon, Frank Jorge"]
[Result "1-0"]
[WhiteElo "1907"]
[BlackElo "1607"]
[PlyCount "59"]
[EventDate "2017.11.17"]
[EventType "swiss"]
[EventRounds "8"]
[EventCountry "DOM"]
[SourceTitle "CBM 181 Extra"]
[Source "ChessBase"]
[SourceDate "2017.12.12"]
[SourceVersion "1"]
[SourceVersionDate "2017.12.12"]
[SourceQuality "1"]

1. e4 c5 2. c3 e6 3. Nf3 Nc6 4. d4 d5 5. e5 Qb6 6. a3 Nge7 7. b4 cxd4 8. cxd4 Nf5 9. Bb2 a6 10. g4 Nfe7 11. Nc3 Bd7 12. Na4 Qa7 13. Rc1 h5 14. g5 Nf5 15. Nc5 Be7 16. Bd3 g6 17. h4 Bxc5 18. dxc5 Nfe7 19. Qd2 Qb8 20. Qf4 Rf8 21. 0-0 Qc7 22. a4 a5 23. b5 Nb4 24. Bb1 Nf5 25. Ba3 f6 26. Rfe1 fxg5 27. Nxg5 Rc8 28. Bxb4 axb4 29. Qxb4 Kd8 30. c6 1-0

[Event "DOM-ch"]
[Site "Santo Domingo"]
[Date "2016.04.15"]
[Round "9"]
[White "Fabian Brioso, Carlos Julio"]
[Black "Lorenzo De Los Santos, Luis L"]
[Result "0-1"]
[WhiteElo "1939"]
[BlackElo "2134"]
[PlyCount "126"]
[EventDate "2016.04.01"]
[EventType "swiss"]
[EventRounds "11"]
[EventCountry "DOM"]
[SourceTitle "CBM 171 Extra"]
[Source "ChessBase"]
[SourceDate "2016.04.26"]
[SourceVersion "1"]
[SourceVersionDate "2016.04.26"]
[SourceQuality "1"]

1. e4 e5 2. Nf3 Nf6 3. Nxe5 d6 4. Nf3 Nxe4 5. d3 Nf6 6. d4 Be7 7. Bd3 0-0 8. 0-0 Bg4 9. Nbd2 Nc6 10. c3 Qd7 11. Re1 Rfe8 12. h3 Bh5 13. Qc2 Bg6 14. Bxg6 hxg6 15. Nf1 Nh5 16. Bd2 d5 17. Re2 Bd6 18. Rae1 Nf4 19. Bxf4 Rxe2 20. Rxe2 Bxf4 21. Qb3 Na5 22. Qc2 Nc4 23. b3 Nd6 24. Ne3 c6 25. Ng4 Ne4 26. Nge5 Qf5 27. c4 Rc8 28. g4 Qe6 29. Nd3 Bb8 30. Nc5 Qf6 31. Nxe4 Qxf3 32. Re3 Qf4 33. cxd5 Qh2+ 34. Kf1 Bf4 35. Rf3 f5 36. gxf5 gxf5 37. Nc5 Qh1+ 38. Ke2 Re8+ 39. Ne6 g6 40. Rxf4 Qxd5 41. Qc4 Rxe6+ 42. Kd3 Rd6 43. Qxd5+ Rxd5 44. Kc4 Kg7 45. Rf3 Kf6 46. Re3 f4 47. Re4 g5 48. Re8 b5+ 49. Kc3 c5 50. dxc5 Rxc5+ 51. Kd2 b4 52. Re4 Ra5 53. Rxb4 Rxa2+ 54. Ke1 Kg6 55. Ra4 Rxa4 56. bxa4 Kf5 57. f3 Ke5 58. Kd2 Kd4 59. a5 a6 60. Ke2 Kc3 61. Kf2 Kd2 62. h4 gxh4 63. Kg2 Ke2 0-1